000 00837cam a2200253 a 4500
001 000002804
005 20200929150247.0
008 751203s1986 sp b 001 e spa
020 _a8476680058
040 _aDO-SdBNP
_cPMilS
_dOCoLC
_dDLC
041 1 7 _aesp
_hger
_2Código de idioma MARC
082 _a831.914
_aD671p
100 1 _aDomin, Hilde.
_q(Hilde Palm)
_d1909-2006.
_98861
240 1 0 _aWozu lyrik heute.
_lEspañol
245 1 1 _a¿Para qué la lírica hoy? /
_cHilde Domin ; traductor, Juan Faber.
260 _aBarcelona :
_bAlfa,
_c1986.
300 _a201 p. ;
_c20 cm.
534 _aTítulo original:
_pWozu lyrik heute
650 4 _aPoesía alemana
_98862
650 4 _aPoesía moderna
_ySIGLO XX
_98863
650 4 _aLiteratura alemana
_93274
700 1 _aFaber, Juan.
_etr.
_98864
910 _aCatalogación por copia / LC
999 _c2638
_d2638